000 00269nam a2200097Ia 4500
001 645083
005 20250826153617.0
008 250824s9999 xx 000 0 und d
245 0 _aSEFİLLER ANTİK DÜNYA KLASİKLERİ
_cVICTOR HUGO
260 _bANTİK DÜNYA KLASİKLERİ
999 _c645083
_d645083